| 000 | 00723nam a22002057a 4500 | ||
|---|---|---|---|
| 999 |
_c5805 _d5805 |
||
| 003 | OSt | ||
| 005 | 20251113084659.0 | ||
| 008 | 251113b ||||| |||| 00| 0 eng d | ||
| 020 | _z9781444959925 | ||
| 040 | _cKH8 | ||
| 082 | 0 | 4 | _a823.912 BLY |
| 100 | 1 |
_aBlyton, Enid _eauthor |
|
| 245 | 1 | 4 | _aThe land of enchantments |
| 264 | 1 |
_a50 Victoria Embankment London EC4Y 0DZ _bHodder Children's Books _c2021 |
|
| 300 |
_a74 Pages _bColour Illustrations |
||
| 520 | _aIn the Land of Enchantments, everything shines and shimmers and moves. But it's full of witches, enchanters and goblins, and some not very nice spells! | ||
| 650 | 7 |
_aJUVENILE FICTION _2 Fantasy & Magic |
|
| 655 | 0 | _aJuvenile Literature | |
| 942 |
_2ddc _cFIC |
||